| 000 | 01525cam a2200457 a 4500 | ||
|---|---|---|---|
| 001 | 810039942 | ||
| 003 | OCoLC | ||
| 005 | 20150408114221.0 | ||
| 008 | 120913s2012 enka f 001 0 eng | ||
| 010 | _a 2012454042 | ||
| 020 | _a9780199657223 (alk. paper) | ||
| 020 | _a019965722X (alk. paper) | ||
| 035 | _a(OCoLC)810039942 | ||
| 040 |
_aDLC _beng _cDLC _dNYP |
||
| 042 | _apcc | ||
| 049 | _aNYPP | ||
| 050 | 0 | 0 |
_aPN147 _b.O88 2012 |
| 082 | 0 | 0 |
_a808.027 _223 _bNEO |
| 130 | 0 |
_aOxford style manual. _945942 |
|
| 245 | 1 | 0 | _aNew Oxford style manual. |
| 250 | _a[2nd ed.] | ||
| 260 |
_aOxford, U.K. : _bOxford University Press, _cc2012. |
||
| 300 |
_axii, 861 : _bill. ; _c25 cm. |
||
| 500 | _aIncludes index. | ||
| 500 | _a"Updated and revised versions of New Hart's rules and the New Oxford dictionary for writers and editors, both originally published in 2005". | ||
| 650 | 0 |
_aAuthorship _vStyle manuals. _918333 |
|
| 650 | 0 |
_aEditing _vHandbooks, manuals, etc. _945943 |
|
| 650 | 0 |
_aEnglish language _xStyle _vHandbooks, manuals, etc. _945944 |
|
| 650 | 0 |
_aEnglish language _xUsage _vDictionaries. _95664 |
|
| 710 | 2 |
_aOxford University Press. _96806 |
|
| 730 | 0 |
_aNew Hart's rules. _945945 |
|
| 730 | 0 |
_aNew Oxford dictionary for writers and editors. _945946 |
|
| 901 |
_anam _bCATRL |
||
| 901 | _aMARS | ||
| 908 | 0 | 0 | _aPN147 |
| 942 |
_2ddc _cBOOK |
||
| 945 | _a.b197945466 | ||
| 946 | _am | ||
| 949 | 1 |
_z8528 _aJFE 13-3448 _i33433108377437 _lMAL82 _s- _t55 _h33 _o1 _vCATRL/nam |
|
| 999 |
_c35404 _d269904 |
||